North American pelicans /

Describes the physical characteristics, behavior, and habitat of pelicans.

Bibliographic Details
Main Author: Stone, Lynn M.
Corporate Author: NetLibrary, Inc
Format: eBook
Language:English
Published: Minneapolis, MN : Carolrhoda Books, [2003]
Subjects:
Online Access:Connect to the full text of this electronic book

MARC

Tag First Indicator Second Indicator Subfields
LEADER 00000cam a2200000Ia 4500
001 in00002003003
005 20220105141745.0
006 m d
007 cr cnu---unuuu
008 040506s2003 mnua cs 000 0 eng d
020 |a 1575058065 (electronic bk.) 
035 |a (OCoLC)ocm55086957 
040 |a N$T  |c N$T  |d OCLCQ  |d UtOrBLW 
043 |a n------ 
049 |a IKMN 
050 1 4 |a QL696.P47  |b S749 2003eb 
082 0 4 |a 598.4/3  |2 22 
100 1 |a Stone, Lynn M.  |0 http://id.loc.gov/authorities/names/n82128598 
245 1 0 |a North American pelicans /  |c written and photographed by Lynn M. Stone. 
264 1 |a Minneapolis, MN :  |b Carolrhoda Books,  |c [2003] 
264 4 |c ©2003 
300 |a 48 pages :  |b color illustrations ;  |c 24 cm. 
336 |a text  |b txt  |2 rdacontent 
337 |a computer  |b c  |2 rdamedia 
338 |a online resource  |b cr  |2 rdacarrier 
500 |a "A Carolrhoda nature watch book." 
520 |a Describes the physical characteristics, behavior, and habitat of pelicans. 
533 |a Electronic reproduction.  |b Boulder, Colo. :  |c NetLibrary,  |d 2004.  |n Available via World Wide Web.  |n Access may be limited to NetLibrary affiliated libraries. 
500 |a Electronic resource. 
650 0 |a Pelicans  |z North America  |v Juvenile literature. 
650 1 |a Pelicans. 
655 7 |a Electronic books.  |2 local 
710 2 |a NetLibrary, Inc.  |0 http://id.loc.gov/authorities/names/no99080690 
776 1 |c Original  |z 1575051710  |w (DLC) 2001006943  |w (OCoLC)48516172 
856 4 1 |u https://proxy.library.tamu.edu/login?url=http://www.netLibrary.com/urlapi.asp?action=summary&v=1&bookid=107601  |z Connect to the full text of this electronic book  |t 0 
994 |a 92  |b IKM 
999 |a MARS 
999 f f |s 9956a0a0-47df-3281-bf90-c67cd423e9c7  |i d688e752-3ddb-3f1d-a850-dbbb43b74f8d  |t 0 
952 f f |a Texas A&M University  |b College Station  |c Electronic Resources  |d Available Online  |t 0  |e QL696.P47 S749 2003eb  |h Library of Congress classification 
998 f f |a QL696.P47 S749 2003eb  |t 0  |l Available Online